| 000 | 00771cam a22002291 4500 | ||
|---|---|---|---|
| 001 | 7793347 | ||
| 005 | 20161108020008.0 | ||
| 008 | 800617s1924 tnu 000 0 eng | ||
| 010 | _a 24015691 | ||
| 035 | _a(OCoLC)6430271 | ||
| 040 |
_aDLC _cTxLoL _dDLC |
||
| 042 | _apremarc | ||
| 050 | 0 | 0 |
_aBV771 _b.C8 |
| 100 | 1 |
_aCrawford, Julius Earl, _d1884-1935. _911515 |
|
| 245 | 1 | 4 |
_aThe call to Christian stewardship, _cby Julius Earl Crawford. |
| 260 |
_aNashville, Tenn.; _aDallas, Tex. [etc.], _bPublishing house of the M. E. church, south, Lamar & Barton, agents, _c1924. |
||
| 300 |
_a131 p. _c20 cm. |
||
| 504 | _aBibliography: p. 130-131. | ||
| 650 | 0 |
_aChristian stewardship. _911516 |
|
| 906 |
_a7 _bcbc _coclcrpl _du _encip _f19 _gy-gencatlg |
||
| 942 |
_2lcc _cBK _01 |
||
| 999 |
_c53091 _d53065 |
||